Đối thoại với các nền văn hoá : Triều Tiên

Sparad:
Bibliografiska uppgifter
Materialtyp: Bok
Språk:Vietnamese
Publicerad: Trẻ 2001
Taggar: Lägg till en tagg
Inga taggar, Lägg till första taggen!
Thư viện lưu trữ: Mạng thư viện Đại học Đà Nẵng
LEADER 00588nam a2200241 4500
001 000022533
003 18981
005 20150506140504.0
008 150506s2001 viesd
020 |c 18000 
041 0 |a vie 
082 1 4 |a 915,19  |b Đô-T 
245 1 0 |a Đối thoại với các nền văn hoá : Triều Tiên 
260 |b Trẻ  |c 2001 
300 |a tr.  |c cm. 
OWN |a LSP 
999 |a From the UDN01 
TYP |a Monograph 
TYP |a Printed language 
980 |a Mạng thư viện Đại học Đà Nẵng